Normal view
MARC view
- Verma Rutuja
Entry Personal Name
001 - CONTROL NUMBER
- control field: 211996
003 - CONTROL NUMBER IDENTIFIER
- control field: OSt
005 - DATE AND TIME OF LATEST TRANSACTION
- control field: 20250505162923.0
008 - FIXED-LENGTH DATA ELEMENTS
- fixed length control field: 250505|| aca||aabn | a|a d
040 ## - CATALOGING SOURCE
- Original cataloging agency: OSt
- Transcribing agency: OSt
100 ## - HEADING--PERSONAL NAME
- Personal name: Verma Rutuja
670 ## - SOURCE DATA FOUND
- Source citation: Work cat.: (OSt)366205: Verma Rutuja, Optimizing Structural Performance Of Timber Gridshell Through Kerfing: An Experimental Study, 2023